[Event "Challenge"]
[Site "http://www.queenalice.com/game.php?id=931776"]
[Date "2011.4.29"]
[Round "-"]
[White "gabriellima"]
[Black "major"]
[Result "1-0"]
[WhiteElo "1522"]
[BlackElo "1418"]

1. e4 c5 2. Nf3 Nc6 3. Bb5 Qc7 4. Bxc6 Qxc6 5. Nc3 d6 6. e5 dxe5 7. Nxe5 Qxg2 8.
Ke2 Bg4+ 9. Nxg4 Qxg4+ 10. Kf1 Qxd1+ 11. Nxd1 e5 12. Nc3 O-O-O 13. d3 Nf6 14.
Bg5 Be7 15. Re1 Bd6 16. Nb5 Bb8 17. Bxf6 gxf6 18. Rg1 Rhg8 19. Rxg8 Rxg8 20. a3
a6 21. Nc3 f5 22. Nd5 Bd6 23. Nb6+ Kc7 24. Nd5+ Kc6 25. Nf6 Rg7 26. Ne8 Rg4 27.
Nf6 Rh4 28. Kg1 e4 29. dxe4 fxe4 30. Nxe4 Bxh2+ 31. Kg2 Be5 32. c3 f5 33. Nd2
Bd6 34. Re6 Kd5 35. Re8 h5 36. b3 Rh2+ 37. Kg1 h4 38. c4+ Kc6 39. Re6 h3 40. Nf3
Kd7 41. Rxd6+ Kxd6 42. Kxh2 Ke6 43. Kxh3 Kf6 44. Kg3 1-0

[Event "AUTO-INT-2032"]
[Site "http://www.queenalice.com/game.php?id=937174"]
[Date "2011.5.12"]
[Round "1"]
[White "rodriw02"]
[Black "major"]
[Result "0-1"]
[WhiteElo "1606"]
[BlackElo "1394"]

1. e4 e5 2. Nf3 Nc6 3. d3 Be7 4. Nc3 Bb4 5. a3 Bxc3+ 6. bxc3 Nf6 7. Bg5 O-O 8.
h4 h6 9. Bxf6 Qxf6 10. g3 d6 11. a4 Bg4 12. Be2 Rfe8 13. Qb1 Bxf3 14. Bxf3 Qxf3
15. O-O Ne7 16. Qxb7 Ng6 17. Qxc7 Qg4 18. Qxd6 Nxh4 19. Kh2 Nf3+ 20. Kg2 h5 21.
Rh1 h4 22. Kf1 Nd2+ 23. Kg2 Re6 24. Qd5 Rae8 25. Rxh4 Qf3+ 26. Kg1 Rf6 27. Rh2
Qg4 28. Rh4 Nf3+ 29. Kg2 Nxh4+ 30. Kh2 Rxf2+ 31. Kg1 Qxg3+ 32. Kh1 Qg2# 0-1

[Event "AUTO-INT-2032"]
[Site "http://www.queenalice.com/game.php?id=937175"]
[Date "2011.5.12"]
[Round "1"]
[White "major"]
[Black "rodriw02"]
[Result "1-0"]
[WhiteElo "1366"]
[BlackElo "1588"]

1. e4 e5 2. Nf3 Nc6 3. d4 Nxd4 4. Nxd4 exd4 5. Qxd4 Bd6 6. Qxg7 Be5 7. Qxe5+ Qe7
8. Qxe7+ Nxe7 9. Bd3 d6 10. Bf4 Rg8 11. g3 b6 12. Nc3 Rg4 13. Nb5 Rb8 14. Nxc7+
Kd7 15. Nb5 Ke6 16. Nxd6 a5 17. Bc4+ Kd7 18. O-O-O Kc6 19. Nb5 Rb7 20. Rd6+ Kc5
21. Be2 Rg6 22. Be3+ Kb4 23. c3+ Ka4 24. b3# 1-0

[Event "AUTO-INT-2032"]
[Site "http://www.queenalice.com/game.php?id=937192"]
[Date "2011.5.12"]
[Round "1"]
[White "major"]
[Black "Givanildo"]
[Result "0-1"]
[WhiteElo "1366"]
[BlackElo "1588"]

1. e4 e5 2. Nf3 Qf6 3. Nc3 c6 4. d3 Bb4 5. Bd2 Bc5 6. Bg5 Qg6 7. Bh4 f6 8. Qe2
d6 9. O-O-O Bg4 10. h3 Bxf3 11. Qxf3 Nd7 12. Kb1 O-O-O 13. g4 h5 14. Bg2 Bd4 15.
Ne2 Bc5 16. d4 exd4 17. Nxd4 Ne5 18. Qf5+ Qxf5 19. Nxf5 Rd7 20. Rd2 Ne7 21. Nxg7
N7g6 22. Bxf6 hxg4 23. Ne6 Rg8 24. Nxc5 dxc5 25. Rxd7 Nxd7 26. Bc3 b6 27. hxg4
Nf4 28. Bf3 c4 29. a3 Nc5 30. Rh7 a5 31. e5 Na4 32. Bxc6 Nxc3+ 33. bxc3 Ne2 34.
Kb2 Rg6 35. Bd7+ Kd8 36. Bf5 Rg5 37. Rb7 Nf4 38. Rxb6 Nd5 39. Rd6+ Ke8 40. Rxd5
a4 41. Ra5 Kd8 42. Rxa4 Kc7 43. Rxc4+ Kb6 44. e6 Kb5 45. Rb4+ Kc5 46. e7 Rg8 47.
Bd7 Ra8 48. e8=Q Rxe8 0-1

[Event "AUTO-INT-2032"]
[Site "http://www.queenalice.com/game.php?id=937193"]
[Date "2011.5.12"]
[Round "1"]
[White "Givanildo"]
[Black "major"]
[Result "0-1"]
[WhiteElo "1571"]
[BlackElo "1341"]

1. e4 e5 2. Bc4 Bc5 3. Qf3 Nf6 4. g4 d6 5. h3 O-O 6. g5 Nfd7 7. d3 Nc6 8. g6
hxg6 9. c3 Qh4 10. d4 exd4 11. Ne2 Nce5 12. Bxf7+ Rxf7 13. Qg2 Nd3+ 14. Kd2 Rxf2
15. Qxg6 N7e5 16. Qe8+ Kh7 17. Kc2 Rxe2+ 18. Bd2 Ne1+ 19. Kb3 a5 20. Bxe1 Bd7
21. Qxa8 a4+ 22. Qxa4 Bxa4+ 23. Kxa4 Qxe4 24. Rf1 Qc6+ 25. Kb3 Qb5# 0-1

[Event "AUTO-INT-2032"]
[Site "http://www.queenalice.com/game.php?id=937194"]
[Date "2011.5.12"]
[Round "1"]
[White "major"]
[Black "sinTeoria"]
[Result "0-1"]
[WhiteElo "1366"]
[BlackElo "1367"]

1. e4 e6 2. d4 d5 3. Nc3 Bb4 4. exd5 exd5 5. Qe2+ Be6 6. Qb5+ Nc6 7. Bd2 Nf6 8.
Qxb7 Nxd4 9. O-O-O a5 10. a3 Bc5 11. Qc6+ Nxc6 0-1

[Event "AUTO-INT-2032"]
[Site "http://www.queenalice.com/game.php?id=937195"]
[Date "2011.5.12"]
[Round "1"]
[White "sinTeoria"]
[Black "major"]
[Result "1-0"]
[WhiteElo "1322"]
[BlackElo "1327"]

1. e4 e5 2. Nf3 Nc6 3. Bc4 Nf6 4. d3 Bc5 5. Nc3 O-O 6. Bg5 h6 7. Bh4 g5 8. Nxg5
hxg5 9. Bxg5 d6 10. Nd5 Kg7 11. Bxf6+ 1-0

[Event "AUTO-INT-2054"]
[Site "http://www.queenalice.com/game.php?id=946738"]
[Date "2011.6.6"]
[Round "1"]
[White "moira"]
[Black "major"]
[Result "1-0"]
[WhiteElo "1409"]
[BlackElo "1395"]

1. e4 e5 2. Nc3 Bc5 3. Nf3 Nc6 4. Bd3 d6 5. Nd5 Nge7 6. Nxe7 Qxe7 7. Bc4 Bg4 8.
h3 Bh5 9. g4 Bg6 10. d3 O-O 11. Bg5 Qd7 12. c3 Na5 13. Be3 Bxe3 14. Qe2 1-0

[Event "AUTO-INT-2054"]
[Site "http://www.queenalice.com/game.php?id=946739"]
[Date "2011.6.6"]
[Round "1"]
[White "major"]
[Black "moira"]
[Result "0-1"]
[WhiteElo "1380"]
[BlackElo "1424"]

1. e4 e5 2. Nf3 Nc6 3. Bb5 a6 4. Bxc6 bxc6 5. Nxe5 Nf6 6. Qf3 d6 7. Nxc6 Qd7 8.
e5 dxe5 9. O-O Bd6 10. Nxe5 Qb5 11. Qxa8 Qxe5 12. Qxc8+ Ke7 13. Qh3 c5 0-1

[Event "AUTO-INT-2054"]
[Site "http://www.queenalice.com/game.php?id=946756"]
[Date "2011.6.6"]
[Round "1"]
[White "major"]
[Black "chess60"]
[Result "0-1"]
[WhiteElo "1381"]
[BlackElo "1437"]

1. e4 e5 2. Nf3 Nf6 3. Bd3 Bd6 4. b3 Qe7 5. Bb2 b6 6. Nc3 c6 7. O-O O-O 8. Ne2
h6 9. Nh4 Nxe4 10. Bxe4 Qxh4 11. f3 Bc5+ 12. Kh1 d6 13. d4 Bb4 14. dxe5 Qd8 15.
exd6 Qxd6 16. c3 Qxd1 17. Raxd1 Be7 18. c4 Rd8 19. Rxd8+ Bxd8 20. Rd1 Be7 21.
Ba3 Bf8 22. Rd8 Nd7 0-1

[Event "AUTO-INT-2054"]
[Site "http://www.queenalice.com/game.php?id=946757"]
[Date "2011.6.6"]
[Round "1"]
[White "chess60"]
[Black "major"]
[Result "1-0"]
[WhiteElo "1451"]
[BlackElo "1367"]

1. e4 e5 2. Nf3 Nc6 3. Bb5 Bc5 4. O-O Nge7 5. Nc3 a6 6. Ba4 O-O 7. Nd5 Nxd5 8.
Bxc6 Nf6 9. Ba4 Nxe4 10. Qe1 d5 11. Nxe5 Qf6 12. Nd3 Ba7 13. Bb3 Qg6 14. Bxd5
Bxf2+ 15. Nxf2 Nxf2 16. Qxf2 Be6 17. Bxb7 Rad8 18. d3 Rd4 19. Qxd4 Bh3 20. Qe4
Qxe4 21. dxe4 Bc8 22. Bxc8 1-0

[Event "AUTO-INT-2054"]
[Site "http://www.queenalice.com/game.php?id=946758"]
[Date "2011.6.6"]
[Round "1"]
[White "major"]
[Black "geert"]
[Result "0-1"]
[WhiteElo "1408"]
[BlackElo "1586"]

1. e4 c5 2. Nf3 d6 3. d4 Qa5+ 4. Bd2 Qb6 5. Bc3 Nf6 6. e5 Ne4 7. dxc5 Qxc5 8.
Bd4 Qb4+ 9. Bc3 Nxc3 10. Nxc3 Bg4 11. exd6 Qxd6 12. Qxd6 exd6 13. Bb5+ Bd7 14.
O-O-O a6 0-1

[Event "AUTO-INT-2054"]
[Site "http://www.queenalice.com/game.php?id=946759"]
[Date "2011.6.6"]
[Round "1"]
[White "geert"]
[Black "major"]
[Result "1-0"]
[WhiteElo "1576"]
[BlackElo "1418"]

1. d4 d6 2. e4 g6 3. Nf3 Bg7 4. d5 Bg4 5. Be2 Nf6 6. h3 Bxf3 7. Bxf3 c6 8. c4
O-O 9. O-O Re8 10. Nc3 cxd5 11. Nxd5 Nc6 12. Rb1 Nxd5 13. cxd5 Ne5 14. Be3 Qa5
15. a3 1-0

[Event "AUTO-INT-2072"]
[Site "http://www.queenalice.com/game.php?id=955374"]
[Date "2011.6.30"]
[Round "1"]
[White "Narutos"]
[Black "major"]
[Result "1-0"]
[WhiteElo "1867"]
[BlackElo "1397"]

1. e4 e5 2. Bc4 Nf6 3. Nc3 Bc5 4. d3 d6 5. Nf3 Ng4 6. O-O O-O 7. h3 Nxf2 8. Rxf2
Bxf2+ 9. Kxf2 Qf6 10. Nd5 Qd8 11. Bg5 Qd7 12. Qd2 1-0

[Event "AUTO-INT-2072"]
[Site "http://www.queenalice.com/game.php?id=955375"]
[Date "2011.6.30"]
[Round "1"]
[White "major"]
[Black "Narutos"]
[Result "0-1"]
[WhiteElo "1399"]
[BlackElo "1865"]

1. e4 c5 2. Nf3 Nc6 3. d4 cxd4 4. Nxd4 d6 5. Bb5 Bd7 6. Nxc6 bxc6 7. Bc4 Nf6 8.
Qf3 e6 9. Bg5 Be7 10. Nc3 O-O 11. Bd3 e5 0-1

[Event "AUTO-INT-2072"]
[Site "http://www.queenalice.com/game.php?id=955395"]
[Date "2011.6.30"]
[Round "1"]
[White "Bunecov"]
[Black "major"]
[Result "1-0"]
[WhiteElo "1607"]
[BlackElo "1354"]

1. e4 e5 2. Nf3 Nc6 3. Bb5 Nd4 4. Bc4 Nf6 5. Nxe5 d5 6. Bxd5 Nxd5 7. exd5 Qxd5
8. Nf3 Bg4 9. Nc3 Bxf3 10. Nxd5 Bxd1 11. Kxd1 O-O-O 12. Nf4 Re8 13. c3 Bd6 14.
Nd5 Ne2 15. g3 Bc5 16. d4 c6 17. Be3 Nxg3 18. hxg3 1-0